000 00690nam a2200157 i 4500
001 bg
245 3 _aVI [szósta] Krajowa konferencja naukowo-techniczna Postępy w teorii i technice obróbki materiałów.Sekcja 3,Komputerowe wspomaganie konstrukcji i technologii :
_breferaty recenzowane; Kraków 18-20 styczen 1990 /
_cSekcja Podstaw TEchnologii Komitetu Budowy Maszyn PAN, Instytut Oróbki Skrawaniem, Sekcja Obrabiarek i Narzędzi SIMP.
260 _aKraków :
_bIOS,
_c1990.
650 9 _aSkrawanie
_xnarzędzia i maszyny
655 _aMateriały konferencyjne
040 _cBPK
041 _apol
080 _a621.9(061)
942 _cKS
008 s pl f |000 0 pol
999 _c29078
_d29078
856 _uhttp://koha.tu.koszalin.pl/cgi-bin/koha/opac-detail.pl?biblionumber=29078
_yKatalog online BPK